00477nam a2200193Ia 4500003000400000005001700004008004100021020002200062040000700084041000800091082002100099100001800120245004500138260003600183300001500219365001400234650001900248650001600267OSt20230519113019.0210423s2014 xx 000 0 und d a978-81-265-4460-8 cAL aeng a512.5223b LAXL aLAX (Peter D) aLinear algebra and its applications Ed 2 aNew DelhibWiley and Sonsc2014 axv,376bHB b3895cINR aLinear Algebra aMathematics